Städte und Gemeinden in der Pfalz mit mindestens 5.000 Einwohnern - Statistiken

Allgemein
  • Dieses Quiz wurde 10 mal gespielt
  • Das Durchschnittsergebnis liegt bei 20 aus 49
Antwortstatistiken
Landkreis Stadt/Gemeinde % Korrekt
--- Kaiserslautern
100%
--- Frankenthal
88%
GER Germersheim
88%
--- Landau
88%
--- Ludwigshafen
88%
--- Neustadt
88%
--- Pirmasens
88%
--- Speyer
88%
SÜW Bad Bergzabern
75%
KUS Kusel
75%
--- Zweibrücken
75%
DÜW Bad Dürkheim
63%
KIB/ROK Kirchheimbolanden
63%
RP Mutterstadt
63%
RP Schifferstadt
50%
GER Wörth
50%
SÜW Annweiler
38%
SÜW Edenkoben
38%
KIB/ROK Eisenberg
38%
DÜW Grünstadt
38%
SÜW Herxheim
38%
RP Limburgerhof
38%
RP Maxdorf
38%
KL Otterberg
38%
KL Ramstein-Miesenbach
38%
KIB/ROK Rockenhausen
38%
GER Bellheim
25%
RP Bobenheim-Roxheim
25%
RP Böhl-Iggelheim
25%
KL Bruchmühlbach-Miesau
25%
KL Enkenbach-Alsenborn
25%
DÜW Haßloch
25%
GER Jockgrim
25%
GER Kandel
25%
KL Landstuhl
25%
SÜW Offenbach
25%
KUS Waldmohr
25%
RP Altrip
13%
RP Dannstadt-Schauernheim
13%
RP Dudenhofen
13%
GER Hagenbach
13%
RP Lambsheim
13%
GER Lingenfeld
13%
RP Neuhofen
13%
PS Rodalben
13%
RP Römerberg
13%
GER Rülzheim
13%
KUS Schönenberg-Kübelberg
13%
RP Waldsee
13%
Keine übereinstimmenden Quizze gefunden
Verteilung der Resultate
Anzahl Personen mit jedem Resultat
Perzentil nach korrekt beantworteten Fragen
Ihre Resultats-Entwicklung
Sie haben dieses Quiz noch nicht gespielt